| 000 | 00837nam a2200313Ia 4500 | ||
|---|---|---|---|
| 001 | 134060 | ||
| 003 | 225856 | ||
| 005 | 20240712164252.0 | ||
| 008 | ||||||n9999 ||| || || | ||
| 082 | _a336861 | ||
| 100 | 1 |
_aRamírez Plazas, Jaime _9179003 |
|
| 245 | 0 |
_aLa hacienda pública en Colombia _cJaime Ramírez Plazas |
|
| 250 | _a1a. ed. | ||
| 504 | _aIncluye bibliografía e índice alfabético | ||
| 562 | _e18 | ||
| 650 |
_aDESCENTRALIZACIÓN ADMINISTRATIVA--COLOMBIA _910177 |
||
| 650 |
_aDEUDA PÚBLICA--COLOMBIA _9110687 |
||
| 650 |
_aHACIENDA MUNICIPAL--COLOMBIA _98412 |
||
| 650 |
_aHACIENDA PÚBLICA--COLOMBIA _9162983 |
||
| 942 | _cBKM | ||
| 999 |
_c134060 _d134060 |
||
| 526 | _a17598 | ||
| 526 | _a102617 | ||
| 526 | _a4969 | ||
| 526 | _a19790 | ||
| 526 | _a104436 | ||
| 526 | _a5144 | ||
| 526 | _a51868 | ||
| 526 | _a1697 | ||